[Event "100th DEN-ch"]
[Site "Svendborg DEN"]
[Date "2021.10.23"]
[Round "8.1"]
[White "Borge, Nikolaj"]
[Black "Thybo, Jesper Soendergaard"]
[Result "1-0"]
[WhiteElo "2381"]
[BlackElo "2602"]
[EventDate "2021.10.16"]
[PlyCount "63"]

1.e4 c6 2.d4 d5 3.e5 c5 4.dxc5 e6 5.a3 Bxc5 6.Qg4 Ne7 7.Qxg7 Rg8 8.Qxh7 
Qb6 9.Nh3 Nbc6 10.f4 Bd7 11.Qd3 Nf5 12.Nc3 O-O-O 13.Qb5 Qxb5 14.Nxb5 f6 
15.exf6 d4 16.b4 Bf8 17.c3 dxc3 18.Nxc3 e5 19.Kf2 Nh6 20.Bc4 Ng4+ 21.Kf1 
Rg6 22.f7 Bg7 23.Ne4 Bf5 24.Ng3 Rd1+ 25.Ke2 Rxh1 26.Nxf5 Bf8 27.Bb2 Rxh2 
28.Rg1 Nf6 29.Nh4 Rh6 30.Nf3 R2xh3 31.gxh3 e4 32.Ne5 1-0

[Event "100th DEN-ch"]
[Site "Svendborg DEN"]
[Date "2021.10.23"]
[Round "8.3"]
[White "Antonsen, Mikkel"]
[Black "Rasmussen, Allan Stig"]
[Result "0-1"]
[WhiteElo "2409"]
[BlackElo "2566"]
[EventDate "2021.10.16"]
[PlyCount "84"]

1.d4 Nf6 2.c4 e6 3.Nc3 Bb4 4.Qc2 d6 5.a3 Bxc3+ 6.Qxc3 Nbd7 7.f3 Nh5 8.g4 
Nhf6 9.e4 c5 10.dxc5 Nxc5 11.b4 Na4 12.Qb3 Bd7 13.Be3 Rc8 14.Ne2 O-O 15.
Rd1 Qc7 16.Nc3 Nxc3 17.Qxc3 Ba4 18.Rd2 Nd7 19.Kf2 Ne5 20.Be2 f5 21.gxf5 
exf5 22.exf5 Rxf5 23.f4 Qe7 24.h4 Rcf8 25.Qd4 Bc6 26.Rh2 Ng6 27.Qxd6 Qe8 
28.Rd4 R5f6 29.Qc7 R6f7 30.Qd6 Rf6 31.Qc7 R6f7 32.Qd6 Re7 33.Rh3 Re6 34.
Qc7 Re7 35.Qd6 Nxf4 36.Rxf4 Rxf4+ 37.Qxf4 Rf7 38.Qxf7+ Qxf7+ 39.Ke1 Qe6 
40.Rg3 Qe5 41.Bf2 Qa1+ 42.Kd2 Qb2+ 0-1

[Event "100th DEN-ch"]
[Site "Svendborg DEN"]
[Date "2021.10.24"]
[Round "9.1"]
[White "Rasmussen, Allan Stig"]
[Black "Hansen, Sune Berg"]
[Result "1/2-1/2"]
[WhiteElo "2566"]
[BlackElo "2528"]
[EventDate "2021.10.16"]
[PlyCount "45"]

1.e4 Nf6 2.e5 Nd5 3.d4 d6 4.Nf3 dxe5 5.Nxe5 c6 6.Bd3 Nd7 7.Nxd7 Qxd7 8.O-O
Qg4 9.Be2 Qh4 10.c4 Nf6 11.d5 Bd7 12.Qb3 O-O-O 13.Bf3 e6 14.dxc6 Bxc6 15.
Bxc6 bxc6 16.Qa4 Kb8 17.Nd2 Bd6 18.Nf3 Qh5 19.Be3 Bc5 20.Bf4+ Bd6 21.Be3 
Bc5 22.Bf4+ Bd6 23.Be3 1/2-1/2

[Event "100th DEN-ch"]
[Site "Svendborg DEN"]
[Date "2021.10.24"]
[Round "9.2"]
[White "Thybo, Jesper Soendergaard"]
[Black "Fries-Nielsen, Jens Ove"]
[Result "1-0"]
[WhiteElo "2602"]
[BlackElo "2378"]
[EventDate "2021.10.16"]
[PlyCount "65"]

1.d4 Nf6 2.c4 e6 3.g3 c5 4.d5 exd5 5.cxd5 d6 6.Nc3 Na6 7.Bg2 Nc7 8.a4 Be7 
9.Nf3 O-O 10.O-O Bd7 11.Qd3 Rb8 12.e4 Nfe8 13.Bf4 b5 14.axb5 Nxb5 15.h4 f6
16.Rfb1 Nec7 17.Nxb5 Bxb5 18.Qd1 Ba6 19.b4 Rxb4 20.Rxb4 cxb4 21.Nd4 Bb7 
22.Rxa7 Qb8 23.Ra4 Na6 24.Bf1 Nc5 25.Rxb4 Qc7 26.Rc4 Qd7 27.h5 Ba6 28.Rxc5
dxc5 29.Nf5 Bc8 30.Qg4 Bd8 31.Ba6 Kh8 32.Bxc8 Qxc8 33.Qxg7# 1-0

[Event "100th DEN-ch"]
[Site "Svendborg DEN"]
[Date "2021.10.24"]
[Round "9.4"]
[White "Chatalbashev, Boris"]
[Black "Borge, Nikolaj"]
[Result "1-0"]
[WhiteElo "2536"]
[BlackElo "2381"]
[EventDate "2021.10.16"]
[PlyCount "59"]

1.c4 c5 2.Nf3 Nc6 3.Nc3 e5 4.g3 g6 5.Bg2 Bg7 6.O-O d6 7.a3 Nge7 8.Rb1 a5 
9.d3 O-O 10.Bd2 Rb8 11.Qa4 Bd7 12.Nb5 d5 13.Rfd1 b6 14.b4 e4 15.dxe4 dxc4 
16.Bf4 Na7 17.Bxb8 Nxb5 18.bxc5 Nc3 19.Qxd7 Qxd7 20.Rxd7 Nxb1 21.Bd6 c3 
22.Ne1 bxc5 23.Bxe7 Rc8 24.Nc2 Nd2 25.Rd8+ Rxd8 26.Bxd8 a4 27.Be7 Nb3 28.
e3 f5 29.exf5 gxf5 30.Bd5+ 1-0